[Event "Let's Play Chess!"]
[Site "http://www.queenalice.com/game.php?id=1865859"]
[Date "2025.11.20"]
[Round "-"]
[White "Capixaba789"]
[Black "clicador"]
[Result "1-0"]
[WhiteElo "1814"]
[BlackElo "1427"]

1. b3 Nf6 2. Bb2 Nc6 3. d3 e5 4. e4 Bc5 5. Be2 O-O 6. Nc3 Bb4 7. Nf3 d5 8. O-O
a6 9. Nxd5 Nxd5 10. exd5 Qxd5 11. Rb1 f6 12. d4 Bf5 13. Bc4 Rad8 14. c3 Bxb1 15.
Bxd5+ Rxd5 16. Qxb1 Bd6 17. c4 Ra5 18. d5 Nb4 19. a4 Re8 20. Bc3 e4 21. Nd4 e3
22. fxe3 Rxe3 23. Bxb4 Bxb4 24. Ne6 Bd6 25. Qf5 Rxb3 26. Qg4 Bf8 27. h3 Rxa4 28.
Rxf6 Rb1+ 29. Kh2 Bd6+ 30. Rf4 g6 31. Qg5 Rxc4 32. Qd8+ 1-0

[Event "Let's Play Chess!"]
[Site "http://www.queenalice.com/game.php?id=1865860"]
[Date "2025.11.20"]
[Round "-"]
[White "clicador"]
[Black "Capixaba789"]
[Result "0-1"]
[WhiteElo "1425"]
[BlackElo "1816"]

1. e4 d6 2. d4 Nc6 3. Bb5 Bd7 4. Nf3 Nf6 5. Nc3 e6 6. Bg5 Be7 7. Qd2 a6 8. Bc4
O-O 9. h3 Nh5 10. h4 Nf6 11. e5 Nd5 12. h5 Bxg5 13. Nxg5 f6 14. exf6 Nxf6 15.
Bxe6+ Bxe6 16. O-O-O Bd7 17. h6 g6 18. Qd3 Nb4 19. Qg3 Bf5 20. Rde1 Nxc2 21. Re2
Nxd4 22. Re3 c5 23. Rhe1 Nc2 24. Ne6 Qa5 25. Nxf8 Nxe1 26. Rxe1 Rxf8 27. Qxd6
Qd8 28. Qxc5 Ng4 29. Re7 Nxh6 30. Qe5 Nf7 31. Qe6 Bxe6 32. Rxe6 Re8 0-1

[Event "Challenge"]
[Site "http://www.queenalice.com/game.php?id=1866030"]
[Date "2025.11.23"]
[Round "-"]
[White "Leanne"]
[Black "clicador"]
[Result "0-1"]
[WhiteElo "1389"]
[BlackElo "1397"]

1. Nf3 Nf6 2. c4 Nc6 3. e3 d6 4. Be2 e5 5. O-O Be7 6. d4 e4 7. Ng5 d5 8. Qc2 O-O
9. cxd5 Nb4 10. Qc4 h6 11. Bd2 Nfxd5 12. f3 hxg5 13. fxe4 Nb6 14. Qc1 g4 15. g3
Bh4 0-1

[Event "Challenge"]
[Site "http://www.queenalice.com/game.php?id=1866031"]
[Date "2025.11.23"]
[Round "-"]
[White "clicador"]
[Black "Leanne"]
[Result "1-0"]
[WhiteElo "1413"]
[BlackElo "1367"]

1. e4 c5 2. Bc4 e6 3. d4 Nc6 4. Nf3 Nxd4 5. Nxd4 cxd4 6. Qxd4 Qe7 7. Nc3 d5 8.
Bb5+ Bd7 9. Bf4 Nf6 10. Bg5 e5 11. Bxd7+ Nxd7 12. Qxd5 Qxg5 13. O-O Bc5 14. Qxb7
O-O 15. Qxd7 1-0

[Event "Challenge"]
[Site "http://www.queenalice.com/game.php?id=1866472"]
[Date "2025.12.3"]
[Round "-"]
[White "Mlintz"]
[Black "clicador"]
[Result "0-1"]
[WhiteElo "1893"]
[BlackElo "1423"]

1. e4 e5 2. c3 Nf6 3. d4 Nxe4 4. dxe5 Bc5 5. Nh3 d6 6. b4 Bb6 7. Be3 Bxe3 8.
fxe3 Qh4+ 9. g3 Qh6 10. Qf3 d5 11. Nf2 O-O 12. Nd3 Qc6 13. Nc5 f5 14. a4 Ng5 15.
h4 Nxf3+ 16. Ke2 d4 17. cxd4 Nxd4+ 18. exd4 b6 19. Rg1 bxc5 20. Bg2 Qa6+ 21. b5
Qg6 22. Bxa8 f4 23. g4 cxd4 24. Nd2 Bxg4+ 25. Kf2 Nd7 26. Bf3 Nxe5 27. Bxg4
Nxg4+ 28. Kf3 Nh2+ 29. Kf2 Ng4+ 30. Ke1 Re8+ 31. Kd1 Ne3+ 32. Ke2 Nc2+ 33. Kf3
Qh5+ 34. Kxf4 Nxa1 0-1